<?xml version="1.0" encoding="UTF-8"?>
<record
    xmlns:xsi="http://www.w3.org/2001/XMLSchema-instance"
    xsi:schemaLocation="http://www.loc.gov/MARC21/slim http://www.loc.gov/standards/marcxml/schema/MARC21slim.xsd"
    xmlns="http://www.loc.gov/MARC21/slim">

  <leader>01684    a2200265   4500</leader>
  <datafield tag="020" ind1=" " ind2=" ">
    <subfield code="a">0470853220</subfield>
  </datafield>
  <datafield tag="040" ind1=" " ind2=" ">
    <subfield code="a">DLC</subfield>
    <subfield code="b">DLC</subfield>
  </datafield>
  <datafield tag="082" ind1="0" ind2="4">
    <subfield code="a">621.3845</subfield>
  </datafield>
  <datafield tag="100" ind1="1" ind2=" ">
    <subfield code="a">Castro, Jonathan P.</subfield>
  </datafield>
  <datafield tag="245" ind1="1" ind2="0">
    <subfield code="a">All IP in 3G CDMA networks: the UMTS infrastructure and service platforms for future mobile systems </subfield>
    <subfield code="b">the UMTS infrastructure and service platforms for future mobile systems </subfield>
    <subfield code="c">Jonathan P. Castro</subfield>
  </datafield>
  <datafield tag="260" ind1=" " ind2=" ">
    <subfield code="a">Chichester, England :</subfield>
    <subfield code="b">Wiley,</subfield>
    <subfield code="c">cop. 2004</subfield>
  </datafield>
  <datafield tag="300" ind1=" " ind2=" ">
    <subfield code="a">xxviii, 588 s. :</subfield>
    <subfield code="b">ill. ;</subfield>
    <subfield code="c">26 cm.</subfield>
  </datafield>
  <datafield tag="505" ind1="0" ind2="0">
    <subfield code="g">1.</subfield>
    <subfield code="t">Evolving mobile networks --</subfield>
    <subfield code="g">2.</subfield>
    <subfield code="t">System analysis fundamentals --</subfield>
    <subfield code="g">3.</subfield>
    <subfield code="t">UMTS service components --</subfield>
    <subfield code="g">4.</subfield>
    <subfield code="t">The UTRA physical layer design --</subfield>
    <subfield code="g">5.</subfield>
    <subfield code="t">The UMTS development platform --</subfield>
    <subfield code="g">6.</subfield>
    <subfield code="t">IP-multimedia subsystem (IMS) --</subfield>
    <subfield code="g">7.</subfield>
    <subfield code="t">Deploying 3G networks --</subfield>
    <subfield code="g">8.</subfield>
    <subfield code="t">High speed downlink packet access --</subfield>
    <subfield code="g">9.</subfield>
    <subfield code="t">The UTRA transmission system --</subfield>
    <subfield code="g">10.</subfield>
    <subfield code="t">3G services enablers --</subfield>
    <subfield code="g">11.</subfield>
    <subfield code="t">Resource and network management --</subfield>
    <subfield code="g">12.</subfield>
    <subfield code="t">Complementary UMTS technologies.</subfield>
  </datafield>
  <datafield tag="520" ind1="1" ind2=" ">
    <subfield code="a">"All IP in 3G CDMA Networks covers all the key aspects of UMTS and its implementation from the engineering designer and the operator and service providers' points of view. It addresses the essential tasks involved in UMTS network deployment in new regions and within existing 2G/2.5G networks."--BK JACKET.</subfield>
  </datafield>
  <datafield tag="650" ind1=" " ind2="7">
    <subfield code="a">Tr&#xE5;&#xA4;&#xAC;?ommunikation</subfield>
  </datafield>
  <datafield tag="650" ind1=" " ind2="7">
    <subfield code="a">Wireless communication systems.</subfield>
  </datafield>
  <datafield tag="650" ind1=" " ind2="7">
    <subfield code="a">Mobile communication systems.</subfield>
  </datafield>
  <datafield tag="650" ind1=" " ind2="7">
    <subfield code="a">Global system for mobile communications.</subfield>
  </datafield>
  <datafield tag="650" ind1=" " ind2="7">
    <subfield code="a">Wireless communication systems</subfield>
  </datafield>
  <datafield tag="650" ind1=" " ind2="7">
    <subfield code="a">Tr&#xE5;&#xA4;&#xAC;?ommunikation</subfield>
  </datafield>
  <datafield tag="650" ind1=" " ind2="7">
    <subfield code="a">Wireless communication systems</subfield>
  </datafield>
  <datafield tag="650" ind1=" " ind2="7">
    <subfield code="a">Telekommunikation</subfield>
  </datafield>
  <datafield tag="650" ind1=" " ind2="7">
    <subfield code="a">Telecommunication</subfield>
  </datafield>
  <datafield tag="942" ind1=" " ind2=" ">
    <subfield code="c">BK</subfield>
    <subfield code="k">621.3845 CAS</subfield>
    <subfield code="2">ddc</subfield>
  </datafield>
  <datafield tag="999" ind1=" " ind2=" ">
    <subfield code="c">8345</subfield>
    <subfield code="d">8345</subfield>
  </datafield>
  <datafield tag="952" ind1=" " ind2=" ">
    <subfield code="0">0</subfield>
    <subfield code="1">0</subfield>
    <subfield code="4">0</subfield>
    <subfield code="7">0</subfield>
    <subfield code="8">NFIC</subfield>
    <subfield code="a">CL</subfield>
    <subfield code="b">CL</subfield>
    <subfield code="c">GEN</subfield>
    <subfield code="d">2005-09-22</subfield>
    <subfield code="e">New Public Book</subfield>
    <subfield code="g">7577.50</subfield>
    <subfield code="l">0</subfield>
    <subfield code="o">621.3845 CAS</subfield>
    <subfield code="p">SEECS006456</subfield>
    <subfield code="r">2012-11-14</subfield>
    <subfield code="w">2017-01-05</subfield>
    <subfield code="y">BK</subfield>
  </datafield>
</record>
